Cuaderno de la realidad nacional

Gespeichert in:
Bibliographische Detailangaben
1. Verfasser: Vial, Carlos (VerfasserIn)
Format: Buch
Sprache:Spanisch
Veröffentlicht: Santiago Del Pacífico 1952
Schlagworte:
Tags: Tag hinzufügen
Keine Tags, Fügen Sie den ersten Tag hinzu!

MARC

LEADER 00000nam a2200000 a 4500
001 UCL3258
003 CL-VaPUC
008 031121e19520000CL |||||||||||||||||spa|d
082 0 4 |a 320.983  |b VIA  |2 21 
100 0 |a Vial, Carlos  |e author  |9 480559 
245 1 0 |a Cuaderno de la realidad nacional 
300 |a 151 p 
942 |c BK 
945 |d 20031121 00:00:00  |a vberengu 
260 |a Santiago  |b Del Pacífico  |c 1952 
650 0 |a Historia social  |9 313638 
650 0 |a Historia económica  |9 307218 
650 0 |a Problemas sociales  |9 258537 
650 0 |a Política y gobierno  |9 255151 
651 7 |a CHILE  |2 CL-VaPUC  |9 480560 
583 |a last modification  |c 20031121 00:00:00  |k Rodrigo Vera 
999 |c 306370  |d 306368 
952 |0 0  |1 0  |4 0  |6 320_983000000000000_VIA_1952  |7 0  |8 A  |9 371331  |a BIBTEO  |b BIBTEO  |d 2019-11-21  |i 2095017  |o 320.983 VIA 1952  |p 2095017  |r 2025-01-17  |w 2019-11-21  |y BK  |k ICR